Superprognózy umění a věda předpovídání budoucnosti
Salvato in:
| Autore principale: | |
|---|---|
| Altri autori: | , |
| Natura: | Libro |
| Lingua: | ceco |
| Pubblicazione: |
Brno
Jan Melvin Publishing
2016
|
| Edizione: | 1. vydání |
| Serie: | Edice pod povrchem
|
| Soggetti: | |
| Tags: |
Nessun Tag, puoi essere il primo ad aggiungerne!!
|
MARC
| LEADER | 00000nam a2200000 4500 | ||
|---|---|---|---|
| 001 | 0247462 | ||
| 005 | 20240313090502.3 | ||
| 020 | |a 978-80-7555-009-5 | ||
| 041 | 0 | |a cze | |
| 044 | |a CZ | ||
| 245 | 1 | 0 | |a Superprognózy |b umění a věda předpovídání budoucnosti |c Philip E. Tetlock, Dan Gardner ; překlad: Filip Drlík |
| 250 | |a 1. vydání | ||
| 264 | 1 | |a Brno |b Jan Melvin Publishing |c 2016 | |
| 300 | |a 384 s. | ||
| 490 | 1 | |a Edice pod povrchem | |
| 830 | 0 | |a Edice pod povrchem | |
| 610 | 2 | 0 | |a prognózovanie |
| 610 | 2 | 0 | |a prognózy |
| 610 | 2 | 0 | |a veda |
| 610 | 2 | 0 | |a spoločnosť |
| 610 | 2 | 0 | |a prognostika |
| 610 | 2 | 0 | |a predvídanie |
| 610 | 2 | 0 | |a výskum |
| 610 | 2 | 0 | |a podnikanie |
| 610 | 2 | 0 | |a financie |
| 610 | 2 | 0 | |a vzťahy medzinárodné |
| 610 | 2 | 0 | |a štýl životný |
| 100 | 1 | |a Tetlock, Philip E. | |
| 700 | 1 | |a Gardner, Dan | |
| 700 | 1 | |a Drlík, Filip | |